Прелюдия (Запись № 12165549)

Подробности
000 -МАРКЕР
контрольное поле 02067ncm0a2200409 4500
001 - ИДЕНТИФИКАТОР ЗАПИСИ
контрольное поле RU\NLR\ONIZ\219576
005 - ИДЕНТИФИКАТОР ВЕРСИИ
контрольное поле 20250626085142.0
013 ## - МЕЖДУНАРОДНЫЙ СТАНДАРТНЫЙ НОМЕР ИЗДАНИЯ МУЗЫКАЛЬНОГО ПРОИЗВЕДЕНИЯ (ISMN)
Номер (ISMN) 979-0-706431-84-0
021 ## - НОМЕР ГОСУДАРСТВЕННОЙ РЕГИСТРАЦИИ
Код страны Российская Федерация
Номер 17-112н
Номер Листа государственной регистраци 17-7н
035 ## - ДРУГИЕ СИСТЕМНЫЕ НОМЕРА
Идентификатор записи (NLR Aleph) 011535164
071 20 - ИЗДАТЕЛЬСКИЙ НОМЕР
Номер, присвоенный агентством 12015
100 ## - ДАННЫЕ ОБЩЕЙ ОБРАБОТКИ
Данные общей обработки 20170913d2017 |||y0rusy50 ca
101 0# - ЯЗЫК РЕСУРСА
Язык текста, звукозаписи и т.д. русский
102 ## - СТРАНА ПУБЛИКАЦИИ ИЛИ ПРОИЗВОДСТВА
Страна публикации Российская Федерация
125 ## - ПОЛЕ КОДИРОВАННЫХ ДАННЫХ: ЗВУКОЗАПИСИ И НОТНЫЕ ИЗДАНИЯ
Форма изложения нотного текста zb
128 ## - ПОЛЕ КОДИРОВАННЫХ ДАННЫХ: МУЗЫКАЛЬНАЯ ФОРМА, ТОНАЛЬНОСТЬ И ЛАД
Музыкальная форма prd
145 0# - ПОЛЕ КОДИРОВАННЫХ ДАННЫХ: СРЕДСТВО ИСПОЛНЕНИЯ МУЗЫКАЛЬНОГО ПРОИЗВЕДЕНИЯ (УСТАРЕВШЕЕ)
Тип средства исполнения b
200 1# - ЗАГЛАВИЕ И СВЕДЕНИЯ ОБ ОТВЕТСТВЕННОСТИ
Основное заглавие Прелюдия
Общее обозначение материала Ноты
Первые сведения об ответственности Г. Ф. Гендель
Последующие сведения об ответственности перелож. для скрипки и фп. В. Грачёва
208 ## - ОБЛАСТЬ СПЕЦИФИЧЕСКИХ СВЕДЕНИЙ: НОТНЫЕ ИЗДАНИЯ
Форма изложения нотного текста [Клавир и партия]
210 ## - ПУБЛИКАЦИЯ, РАСПРОСТРАНЕНИЕ И ДР.
Место издания, распространения и т.д. Москва
Имя издателя, распространителя и т. д. Композитор
Дата издания, распространения и т.д. 2017
215 ## - ФИЗИЧЕСКАЯ ХАРАКТЕРИСТИКА
Специфическое обозначение материала и объем 6 с., 1 парт.
Размеры 29 см
313 ## - ПРИМЕЧАНИЯ, ОТНОСЯЩИЕСЯ К ТЕМАТИЧЕСКОМУ ДОСТУПУ
Текст примечания Систематизация документа проведена по изданию - Методика классифицирования музыкальных произведений (нотных изданий) по таблицам Библиотечно-библиографических классификаций : метод. рекомендации / Гос. б-ка СССР им. В.И. Ленина.- М., 1977. Индексу ББК методических рекомендаций присваивается код ББК для научных библиотек - LBC/SL
606 1# - НАИМЕНОВАНИЕ ТЕМЫ КАК ПРЕДМЕТ
Наименование темы Переложения для скрипки и фортепиано
Формальный подзаголовок Ноты
Код системы nlr_sh
686 ## - ИНДЕКСЫ ДРУГИХ КЛАССИФИКАЦИЙ
Индекс Щ955.4-42-095-058.4(4Г)
Издание LBC/SL
Код системы
700 #1 - ИМЯ ЛИЦА - ПЕРВИЧНАЯ ОТВЕТСТВЕННОСТЬ
Системный номер авторитетной/нормативной записи z07790
Начальный элемент ввода Гендель
Часть имени, кроме начального элемента ввода Г. Ф.
Даты 1685-1759
Расширение инициалов личного имени Георг Фридрих
Код отношения Композитор
Графика поля Латинская
702 #1 - ИМЯ ЛИЦА - ВТОРИЧНАЯ ОТВЕТСТВЕННОСТЬ
Системный номер авторитетной/нормативной записи z09790
Начальный элемент ввода Грачёв
Часть имени, кроме начального элемента ввода В. Н.
Даты 1950-
Расширение инициалов личного имени Владимир Николаевич
Код отношения Аранжировщик, Оркестровщик, Реализатор генерал-баса (редуцированной нотации)
Графика поля Кириллица
790 #1 - ИМЯ ЛИЦА - АЛЬТЕРНАТИВНАЯ ФОРМА
Системный номер авторитетной/нормативной записи z07700
Начальный элемент ввода Händel
Часть имени, кроме начального элемента ввода G.F.
Даты 1685-1759
Расширение инициалов личного имени Georg Friedrich
Код отношения Композитор
Графика поля Латинская
790 #1 - ИМЯ ЛИЦА - АЛЬТЕРНАТИВНАЯ ФОРМА
Системный номер авторитетной/нормативной записи z09702
Начальный элемент ввода Gračjov
Часть имени, кроме начального элемента ввода V. N.
Даты 1950-
Расширение инициалов личного имени Vladimir Nikolaevič
Код отношения Аранжировщик, Оркестровщик, Реализатор генерал-баса (редуцированной нотации)
Графика поля Латинская
801 #0 - ИСТОЧНИК ЗАПИСИ
Страна Российская Федерация
Организация NLR
Дата составления 20170913
Правила каталогизации PSBO
801 #1 - ИСТОЧНИК ЗАПИСИ
Страна Российская Федерация
Организация NLR
Дата составления 20170913
Источник данных rusmarc
801 #2 - ИСТОЧНИК ЗАПИСИ
Страна Российская Федерация
Организация NLR
Дата составления 20190630
852 ## - МЕСТОНАХОЖДЕНИЕ И ШИФР ХРАНЕНИЯ
Идентификатор организации NLR
Наименование фонда или коллекции (Sub-Location Identifier) М
Шифр хранения (Call Number) К-3/28821
Страна
Номер экземпляра 1
942 ## - ДОПОЛНИТЕЛЬНЫЕ ЭЛЕМЕНТЫ ЗАПИСИ (АБИС)
Тип экземпляра АБИС Ноты
980 ## - КОЛЛЕКЦИЯ
Название коллекции Национальная библиография
980 ## - КОЛЛЕКЦИЯ
Название коллекции Отдел нот и звукозаписей
Экземпляры
Тип экземпляра Дата поступления Библиотека постоянного хранения Библиотека текущего хранения Место хранения Шифр хранения Статус экземпляра
Ноты 13.09.2017 РНБ (Московский) РНБ (Московский) Фонд нот и звукозаписей К-3/28821 К-3/28821